LEADER 01330oam 2200337z- 450 001 9910908993103321 005 20250602193325.0 010 $a9782913272750 010 $a2913272754 035 $a(CKB)5580000000939093 035 $a(EXLCZ)995580000000939093 100 $a20241218c2022uuuu |u| | 101 0 $aeng 200 13$aLe prieure? Saint-Cosme pre?s de Tours (La Riche, Indre-et-Loire) $ehistoire et arche?ologie d'un monaste?re satellite de Saint-Martin de Tours /$fBruno Dufay? 210 $cFédération pour l?édition de la Revue archéologique du Centre de la France 311 08$a9782913272675 311 08$a2913272673 517 3 $aPrieuré Saint-Cosme près de Tours 606 $aReligious architecture$zFrance$zLa Riche$xHistory 606 $aMonasteries$zFrance$zLa Riche$xHistory 606 $aPriories$zFrance$zLa Riche$xHistory 607 $aLa Riche (France)$xBuildings, structures, etc$xHistory 607 $aLa Riche (France)$xBuildings, structures, etc$xAntiquities 615 0$aReligious architecture$xHistory. 615 0$aMonasteries$xHistory. 615 0$aPriories$xHistory. 700 $aDufay?$b Bruno$01291562 906 $aBOOK 912 $a9910908993103321 996 $aLe prieure? Saint-Cosme pre?s de Tours (La Riche, Indre-et-Loire)$94383074 997 $aUNINA